| 000 | 00593nam a2200193 a 4500 | ||
|---|---|---|---|
| 001 | 000024903 | ||
| 005 | 20200930023435.0 | ||
| 008 | 110207s2000 sp r 000 0 spa d | ||
| 020 | _a8420639532 | ||
| 040 |
_aDO-SdBNP _bspa _cBNPHU |
||
| 082 |
_ann* _bnn* |
||
| 100 | 1 |
_aLópez Piñero, José María. _915148 |
|
| 245 | 1 | 0 |
_aBreve historia de la medicina / _cJosé María López Piñero. |
| 260 |
_aMadrid : _bAlianza, _c2000. |
||
| 300 |
_a251 p. ; _c18 cm. |
||
| 490 | 1 | _aEl libro de bolsillo. Medicina y salud | |
| 830 | 0 |
_aEl libro de bolsillo. _pMedicina y salud _951133 |
|
| 049 | _aBNGR | ||
| 999 |
_c24396 _d24396 |
||